| 000 | 00426nam a2200193Ia 4500 | ||
|---|---|---|---|
| 005 | 20241004030722.0 | ||
| 008 | 240331s9999 xx 000 0 und d | ||
| 020 | _a0415083788 | ||
| 082 |
_bDAY _a820 |
||
| 100 | _aDay, A | ||
| 245 | 0 | _aRomanticism | |
| 260 |
_aLondon _bRoutledge _c1996 |
||
| 300 | _axii, 217 p ., | ||
| 650 | _aRomanticism | ||
| 650 | _aHistory | ||
| 650 | _aPoetry | ||
| 650 | _aCulture | ||
| 942 | _cL | ||
| 999 |
_c3160 _d3160 |
||